|
|
|
|
| LEADER |
00000nam a2200000Ia 4500 |
| 008 |
170509b1994 cr ||||| |||| 00| | spa d |
| 999 |
|
|
|c 1210
|d 1210
|
| 090 |
|
|
|a 01.01.01
|b 2102
|
| 110 |
2 |
|
|a Instituto Centroamericano de Administración Pública. Programa de las Naciones Unidas para el Desarrollo
|9 2713
|
| 245 |
1 |
0 |
|a Guía de gerencia de la cooperación internacional /
|c ICAP
|
| 260 |
|
|
|a San José, Costa Rica :
|b ICAP,
|c 1994
|
| 300 |
|
|
|a volúmenes
|
| 500 |
|
|
|a La guía contiene 11 fascículos:1- Las disyuntivas del gerente de cooperación internacional\2- Fuentes de información para la toma de decisiones o las acciones en la gestión de cooperación internacional\3- Perfil del cooperante y del recipiente responsa
|
| 650 |
1 |
4 |
|a COOPERACIÓN INTERNACIONAL
|9 507
|
| 650 |
1 |
4 |
|a CAPACITACIÓN
|9 729
|
| 942 |
|
|
|i 003666
|h 01.01.01 2102
|2 z
|c 01
|